[Event "14th SRB-ch Women 2020"]
[Site "Vrnjacka Banja"]
[Date "2020.12.13"]
[Round "9.5"]
[White "Chelushkina, Irina"]
[Black "Drljevic, Ljilja"]
[Result "1/2-1/2"]
[WhiteElo "2224"]
[BlackElo "2174"]
[Annotator "ChessBase"]
[PlyCount "21"]
[EventDate "2020.12.07"]
[EventType "tourn"]
[EventCountry "SRB"]
[SourceTitle "playchess.com"]
[Source "ChessBase"]
[SourceQuality "1"]
[TimeControl "40/5400+30:1800+30"]

1. g3 {[%emt 0:00:00]} g6 {[%emt 0:00:00]} 2. Bg2 {[%emt 0:00:00]} Bg7 {[%emt 0:00:00]} 3. Nf3 {[%emt 0:00:00]} Nf6 {[%emt 0:00:00]} 4. O-O {[%emt 0:00:00]} O-O {[%emt 0:00:00]} 5. c4 {[%emt 0:00:00]} c5 {[%emt 0:00:00]} 6. Nc3 {[%emt 0:00:00]} Nc6 {[%emt 0:00:00]} 7. d3 {[%emt 0:00:00]} d6 {[%emt 0:00:03]} 8. Bg5 {[%emt 0:00:04]} h6 {[%emt 0:00:26]} 9. Bd2 {[%emt 0:00:05]} a6 {[%emt 0:00:05]} 10. Rb1 {[%emt 0:00:07]} Rb8 {[%emt 0:00:21]} 11. a3 {[%emt 0:00:05]} 1/2-1/2